000 00837cam a2200289 a 4500
001 15432466
005 20180227093828.0
008 080828s2009 nyua b 001 0 eng
010 _a 2008936372
020 _a9781429209007 (case)
020 _a1429209003 (case)
020 _a9781429215060 (pbk.)
020 _a1429215062 (pbk.)
040 _aDLC
_cDLC
_dDLC
041 _aeng
042 _apcc
080 _a510 COM
082 0 0 _a510 COM
_223
100 _a36
101 _aMAT
245 0 0 _aFor all practical purposes :
246 3 0 _aMathematical literacy in today's world
504 _aIncludes bibliographical references and index.
906 _a7
_bcbc
_corignew
_d2
_eepcn
_f20
_gy-gencatlg
942 _2ddc
_cBK
999 _c43662
_d43662